000 01533cad a22002775a 4500
001 L141741
008 071217e20071212xxk f f000 0 eng d
035 _a(Sirsi) u141741
041 0 _aeng
050 0 4 _a711.026 $2 18
110 1 _aUnited Kingdom
_bDepartment for Communities and Local Government
_94939
245 0 0 _aLawful development certificates
_ba user's guide
_h[electronic resource]
260 _aLondon
_bDCLG
_c2007
520 _aExplains the purpose of the system of Lawful Development Certificates. This aims to provide the ability to obtain a certificate showing specific activities associated with a property are within the laws of planning. Such certificates are time limited, and do not demonstrate compliance with other laws such as Building Regulations, wildlife or conservation laws. Explains how to apply for a certificate and how to appeal should the certificate be refused.
521 1 _aAdvanced
590 _aKA
650 2 4 _aTOWN AND COUNTRY PLANNING ACT 1990
650 2 4 _aPLANNING AND COMPENSATION ACT 1991
650 2 4 _aPLANNING (CONSEQUENTIAL PROVISIONS) ACT 1990
650 2 4 _aWILDLIFE AND COUNTRYSIDE ACT 1981
650 2 4 _aLISTED BUILDING AND CONSERVATION AREAS ACT 1990
651 4 _aUnited Kingdom
_y
690 _aENVIRONMENTAL AND LAND CONSULTANCY-PLANNING AND DEVELOPMENT-DEVELOPMENT CONTROL
856 4 0 _uhttps://www.communities.gov.uk/publications/planningandbuilding/developmentcertificates?version=1
_zView the item free of charge at www.communities.gov.uk...
942 _n0
999 _c107753
_d107753